| 000 | 00658nam a2200217Ia 4500 | ||
|---|---|---|---|
| 005 | 20250508151111.0 | ||
| 008 | 008 250505s9999 xx 000 0 eng d | ||
| 037 | _aTextual | ||
| 040 |
_aFEDL _beng _cFEDL |
||
| 041 |
_aeng _2eng |
||
| 084 |
_a020.7, SCR _qFEDL |
||
| 100 |
_aScripture Elizabeth _944261 |
||
| 245 | 0 | _aFind it yourself: A brief course in the use of books and libraries | |
| 260 |
_aNew York, USA _bThe H. W. Wilson Company _c1949 |
||
| 300 | _a64p. | ||
| 365 |
_aINR _b2 |
||
| 650 | _aLibrary and Information Sciences | ||
| 700 |
_a Greer Margaret R _9758419 |
||
| 942 |
_cTEXL _h020.7, SCR |
||
| 999 |
_c1327575 _d1327575 |
||